[Event "South Wales New Year Major"]
[Site "Bridgend"]
[Date "2017.01.08"]
[Round "4.3"]
[White "Cox, John"]
[Black "Rovaretti, David"]
[Result "0-1"]
[WhiteElo "1429"]
[BlackElo "1748"]
[PlyCount "60"]
[EventDate "2017.01.07"]
[EventType "swiss"]
[SourceDate "2017.01.07"]

1. Nf3 Nf6 2. Nc3 d5 3. d4 Bf5 4. Nh4 Bg6 5. Nxg6 hxg6 6. Qd3 c6 7. e4 e6 8.
Bg5 dxe4 9. Nxe4 Qa5+ 10. Bd2 Qc7 11. Nxf6+ gxf6 12. g3 Nd7 13. O-O-O Bd6 14.
Bg2 O-O-O 15. Bc3 Nb6 16. Kb1 Rh5 17. Bf3 Rh7 18. h4 Be7 19. Qe2 Nd5 20. Bxd5
Rxd5 21. f4 b5 22. b4 Kb7 23. Kb2 Rh8 24. Ra1 Qb6 25. Qe3 f5 26. a3 Bf6 27.
Rhd1 Rhd8 28. a4 a6 29. a5 Qa7 30. Be1 Rxd4 0-1

[Event "South Wales New Year Major"]
[Site "Bridgend"]
[Date "2017.01.08"]
[Round "4.4"]
[White "Livermore, Richard"]
[Black "Cooke, Thomas"]
[Result "0-1"]
[WhiteElo "1725"]
[BlackElo "1527"]
[PlyCount "59"]
[EventDate "2017.01.07"]
[EventType "swiss"]
[SourceDate "2017.01.07"]

1. d4 c6 2. c4 d6 3. Nc3 Nf6 4. e4 Bg4 5. Be2 Bxe2 6. Ngxe2 Nbd7 7. O-O Qc7 8.
Be3 e5 9. d5 g6 10. h3 Bg7 11. Qd2 O-O 12. b4 a6 13. Rac1 c5 14. bxc5 Nxc5 15.
f3 Nh5 16. g4 Nf6 17. Ng3 Qd7 18. Qf2 Nd3 19. Qe2 Nxc1 20. Rxc1 Rac8 21. Rb1
Qc7 22. c5 dxc5 23. Na4 Nd7 24. Rc1 Qd6 25. Qf2 c4 26. f4 exf4 27. Bxf4 Be5 28.
Ne2 Bxf4 29. Nxf4 Qa3 30. Qc2 0-1

[Event "South Wales New Year Major"]
[Site "Bridgend"]
[Date "2017.01.08"]
[Round "4.5"]
[White "Williams (Cwm), Steve"]
[Black "Smith, George"]
[Result "1-0"]
[WhiteElo "1781"]
[BlackElo "1443"]
[PlyCount "101"]
[EventDate "2017.01.07"]
[EventType "swiss"]
[SourceDate "2017.01.07"]

1. d4 f5 2. Nc3 Nf6 3. Bg5 e6 4. e4 h6 5. Bxf6 Qxf6 6. exf5 exf5 7. Nf3 d6 8.
Bd3 Na6 9. Qe2+ Qe7 10. O-O-O Nb4 11. Rhe1 Qxe2 12. Rxe2+ Kd8 13. Bc4 c6 14. a3
Na6 15. Rde1 Bd7 16. Nh4 Kc7 17. Ng6 d5 18. Nxh8 dxc4 19. Ng6 Bd6 20. Ne5 Be6
21. Nxc6 Bd7 22. Ne5 Bxe5 23. Rxe5 Kc6 24. Re7 Rg8 25. R1e5 Nc7 26. Ne2 Kd6 27.
Nc3 a6 28. Rxd7+ Kxd7 29. Rxf5 Ke6 30. Rc5 Kd6 31. Rxc4 Rf8 32. f3 g5 33. Ne4+
Kd7 34. Nc5+ Kc8 35. Ne6 Rf7 36. Kd2 Re7 37. d5 Kb8 38. Rxc7 Rxc7 39. Nxc7 Kxc7
40. Ke3 Kd6 41. c4 b6 42. Ke4 a5 43. Kf5 a4 44. Kg6 Kc5 45. Kxh6 g4 46. fxg4 b5
47. cxb5 Kxb5 48. g5 Kc5 49. g6 Kxd5 50. g7 Ke6 51. g8=Q+ 1-0

[Event "South Wales New Year Major"]
[Site "Bridgend"]
[Date "2017.01.08"]
[Round "4.6"]
[White "Cooke, Mark"]
[Black "Hurn, Robert AJ"]
[Result "1/2-1/2"]
[WhiteElo "1644"]
[BlackElo "1713"]
[PlyCount "43"]
[EventDate "2017.01.07"]
[EventType "swiss"]
[SourceDate "2017.01.07"]

1. e4 c5 2. f4 Nc6 3. Nf3 g6 4. Bc4 e6 5. O-O Nge7 6. c3 Bg7 7. d4 cxd4 8. cxd4
d5 9. exd5 exd5 10. Bb5 Bg4 11. Qd3 Bxf3 12. Rxf3 Qb6 13. Be3 O-O 14. Nc3 Nxd4
15. Rh3 Qf6 16. Rd1 Nxb5 17. Qxb5 Qc6 18. Qe2 Rfd8 19. Bd4 Bxd4+ 20. Rxd4 Qe6
21. Qd2 Rac8 22. Re3 1/2-1/2

[Event "South Wales New Year Major"]
[Site "Bridgend"]
[Date "2017.01.08"]
[Round "4.7"]
[White "Di-Vetta, Andrew"]
[Black "Rees, Morgan"]
[Result "1-0"]
[WhiteElo "1695"]
[BlackElo "1234"]
[PlyCount "69"]
[EventDate "2017.01.07"]
[EventType "swiss"]
[SourceDate "2017.01.07"]

1. e4 e5 2. Nf3 Nf6 3. Bc4 Nc6 4. d3 h6 5. O-O d6 6. h3 Na5 7. Na3 Be7 8. Bd2
Nxc4 9. Nxc4 O-O 10. Ne3 Re8 11. c4 Bf8 12. b4 b6 13. b5 a6 14. a4 axb5 15.
axb5 Bb7 16. Qb3 Kh8 17. Nf5 Qd7 18. g4 Rxa1 19. Rxa1 Bc8 20. Ra7 Qd8 21. Kf1
Bxf5 22. gxf5 Qb8 23. Qa4 Nd7 24. Be3 Rd8 25. Qa6 Qc8 26. Nd2 Nc5 27. Bxc5 Qxa6
28. bxa6 dxc5 29. Rxc7 Rxd3 30. Ke2 Rd8 31. Rb7 Ra8 32. Rxb6 Ra7 33. Nb3 Kg8
34. Na5 Be7 35. Nc6 1-0

[Event "South Wales New Year Major"]
[Site "Bridgend"]
[Date "2017.01.08"]
[Round "4.8"]
[White "Turner, Paul"]
[Black "Davies, Gareth"]
[Result "1/2-1/2"]
[WhiteElo "1201"]
[BlackElo "1340"]
[PlyCount "63"]
[EventDate "2017.01.07"]
[EventType "swiss"]
[SourceDate "2017.01.07"]

1. e4 Nf6 2. e5 Nd5 3. Nf3 d6 4. d4 dxe5 5. Nxe5 g6 6. Bc4 c6 7. O-O Bg7 8. f4
O-O 9. Bd2 Be6 10. Bxd5 cxd5 11. c3 Bf5 12. Be3 Bxb1 13. Rxb1 e6 14. b3 Nd7 15.
Rb2 Nf6 16. c4 Rc8 17. c5 Ne4 18. Qe1 f5 19. Nf3 Bf6 20. Nd2 Rc6 21. Nxe4 dxe4
22. Rd2 Qd5 23. Qb1 b5 24. cxb6 axb6 25. Rc2 Rfc8 26. Rfc1 Rxc2 27. Rxc2 Rxc2
28. Qxc2 Bxd4 29. Qf2 Bxe3 30. Qxe3 b5 31. Kf2 Qc6 32. h3 1/2-1/2

[Event "South Wales New Year Major"]
[Site "Bridgend"]
[Date "2017.01.08"]
[Round "4.9"]
[White "O'Rourke, Kevin"]
[Black "Jaberansari, Benjamin"]
[Result "1-0"]
[WhiteElo "1107"]
[BlackElo "855"]
[PlyCount "53"]
[EventDate "2017.01.07"]
[SourceDate "2017.01.07"]

1. e4 d5 2. e5 Nc6 3. d4 Bf5 4. a3 f6 5. Nf3 Be4 6. Nc3 Bxf3 7. Qxf3 fxe5 8.
Bb5 a6 9. Bxc6+ bxc6 10. Qh5+ g6 11. Qxe5 Nf6 12. O-O e6 13. Qe1 Bd6 14. Bg5
O-O 15. Qxe6+ Kh8 16. Rae1 Rb8 17. b3 Rb6 18. Qh3 Rf7 19. Na4 Rb5 20. Nc5 Bxc5
21. dxc5 Rxc5 22. Re6 Rxc2 23. Qd3 Rb2 24. Qc3 Ra2 25. Bxf6+ Kg8 26. Bxd8 Rxa3
27. Bf6 1-0

[Event "South Wales New Year Major"]
[Site "Bridgend"]
[Date "2017.01.08"]
[Round "5.1"]
[White "Burrows, Mike"]
[Black "Donovan, Ed"]
[Result "0-1"]
[WhiteElo "1796"]
[BlackElo "1742"]
[PlyCount "84"]
[EventDate "2017.01.07"]
[EventType "swiss"]
[SourceDate "2017.01.07"]

1. d4 Nf6 2. Nf3 e6 3. g3 c5 4. Bg2 d5 5. O-O Bd6 6. c4 O-O 7. Nc3 cxd4 8. Nxd4
e5 9. Ndb5 d4 10. Bg5 Na6 11. Nd5 Be7 12. a3 Nxd5 13. Bxd5 Bxg5 14. h4 Be7 15.
Rc1 Nc7 16. Nxc7 Qxc7 17. b4 Bh3 18. Re1 Qd7 19. e3 dxe3 20. Rxe3 Bf6 21. Rd3
Be6 22. Be4 Qc8 23. Qf3 Rb8 24. Qe3 Bf5 25. c5 Bxe4 26. Qxe4 Rd8 27. Rcd1 Rxd3
28. Rxd3 Qc7 29. Rd6 Rd8 30. Qd5 Rxd6 31. cxd6 Qc1+ 32. Kg2 Qc6 33. Qf3 Kf8 34.
b5 Qxf3+ 35. Kxf3 Ke8 36. Ke4 Kd7 37. Kd5 b6 38. f3 g6 39. a4 Bg7 40. g4 h6 41.
g5 f6 42. gxh6 Bxh6 0-1

[Event "South Wales New Year Major"]
[Site "Bridgend"]
[Date "2017.01.08"]
[Round "5.2"]
[White "Cooke, Thomas"]
[Black "Jeanes, Andrew"]
[Result "1-0"]
[WhiteElo "1527"]
[BlackElo "1563"]
[PlyCount "89"]
[EventDate "2017.01.07"]
[EventType "swiss"]
[SourceDate "2017.01.07"]

1. e4 c6 2. d4 d5 3. e5 e6 4. Nf3 c5 5. c3 Nc6 6. Be3 cxd4 7. cxd4 Bb4+ 8. Nbd2
Nge7 9. Bd3 Ng6 10. O-O O-O 11. Ng5 Be7 12. f4 h6 13. Ngf3 Bd7 14. Rc1 Rc8 15.
a3 a6 16. Qe1 Qe8 17. Qg3 f5 18. exf6 Rxf6 19. Ne5 Ngxe5 20. fxe5 Rxf1+ 21.
Rxf1 Kh8 22. Bg6 Qg8 23. Qh3 Be8 24. Bd3 Bf8 25. Nf3 Ne7 26. Ng5 Bg6 27. Bxg6
Nxg6 28. Nxe6 Re8 29. Nxf8 Rxf8 30. Rxf8 Qxf8 31. Qf3 Qe7 32. Qxd5 Qh4 33. Bf2
Qg5 34. Qc4 Nf4 35. Bg3 Nh5 36. Be1 Qe3+ 37. Bf2 Qe4 38. g3 Qb1+ 39. Kg2 Qe4+
40. Kg1 Qb1+ 41. Qf1 Qxb2 42. Qd1 g6 43. d5 Qxa3 44. d6 Qa4 45. Qxa4 1-0

[Event "South Wales New Year Major"]
[Site "Bridgend"]
[Date "2017.01.08"]
[Round "?"]
[White "Rovaretti, David"]
[Black "Di-Vetta, Andrew"]
[Result "1/2-1/2"]
[WhiteElo "1748"]
[BlackElo "1695"]
[PlyCount "92"]
[EventDate "2017.01.07"]
[EventType "swiss"]
[SourceDate "2017.01.07"]

1. c4 e5 2. Nc3 Nf6 3. d3 Bc5 4. Bg5 c6 5. e4 d6 6. Nge2 h6 7. Bh4 Nbd7 8. h3
a6 9. a3 b5 10. b4 Bb6 11. f4 Qc7 12. f5 Bb7 13. Rc1 bxc4 14. dxc4 Be3 15. Rc2
g5 16. fxg6 fxg6 17. Qd3 Ba7 18. g4 g5 19. Bg3 Rd8 20. Bg2 Ke7 21. Rf1 Nf8 22.
Qf3 N8d7 23. Bf2 Bc8 24. Bxa7 Qxa7 25. Qf2 Qxf2+ 26. Rxf2 Nb6 27. Nd1 h5 28. c5
dxc5 29. Rxc5 Nbd7 30. Rxc6 hxg4 31. Ng3 gxh3 32. Nf5+ Kf7 33. Nd6+ Kg6 34. Bh1
g4 35. Rfc2 Nb8 36. Rxc8 Rxc8 37. Nxc8 g3 38. Ne7+ Kg5 39. Nf5 g2 40. Bxg2 hxg2
41. Rxg2+ Kf4 42. Rf2+ Kg5 43. Nc3 Rh1+ 44. Rf1 Rxf1+ 45. Kxf1 Kf4 46. Nd6 Ke3
1/2-1/2

[Event "South Wales New Year Major"]
[Site "Bridgend"]
[Date "2017.01.08"]
[Round "5.4"]
[White "Williams (Cwm), Steve"]
[Black "Cooke, Mark"]
[Result "1/2-1/2"]
[WhiteElo "1781"]
[BlackElo "1644"]
[PlyCount "164"]
[EventDate "2017.01.07"]
[EventType "swiss"]
[SourceDate "2017.01.07"]

1. d4 e5 2. dxe5 d6 3. Nf3 Nc6 4. Bf4 Bf5 5. e3 Nb4 6. Bb5+ c6 7. Ba4 a5 8. a3
b5 9. axb4 bxa4 10. Nd4 Bd7 11. exd6 axb4 12. Nd2 Nf6 13. e4 g6 14. e5 Nd5 15.
Bg3 Bg7 16. O-O O-O 17. Nc4 h5 18. Nf3 Bh6 19. h3 Qc8 20. Nd4 c5 21. Nf3 Qc6
22. Re1 Be6 23. Qe2 Nf4 24. Bxf4 Bxf4 25. Qe4 Qxe4 26. Rxe4 Bh6 27. Nb6 Ra6 28.
Nxa4 Rfa8 29. b3 c4 30. Rb1 cxb3 31. cxb3 Bf5 32. Rbe1 Bxe4 33. Rxe4 Re8 34.
Rxb4 Bf8 35. Rd4 f6 36. Nc5 fxe5 37. d7 Rd8 38. Nb7 exd4 39. Nxd8 Bd6 40. g3
Ra7 41. Nb7 Bc7 42. d8=Q+ Bxd8 43. Nxd8 d3 44. Nc6 Ra1+ 45. Kg2 Rd1 46. Nce5 d2
47. Nxd2 Rxd2 48. Nxg6 Kg7 49. Ne5 Rb2 50. Nc4 Rxb3 51. Ne3 Kf6 52. h4 Rb2 53.
Nd5+ Kf5 54. Kf3 Rb3+ 55. Kg2 Rd3 56. Nf4 Rd2 57. Nxh5 Ke4 58. Nf4 Rd1 59. h5
Rd8 60. f3+ Kf5 61. Nh3 Rd2+ 62. Nf2 Kg5 63. g4 Kf4 64. h6 Rd8 65. h7 Kg5 66.
Kg3 Kg6 67. f4 Kxh7 68. g5 Kg6 69. Kg4 Rd2 70. f5+ Kg7 71. Ne4 Re2 72. Kf4 Rh2
73. Ke5 Re2 74. Kd5 Re1 75. Nd6 Re2 76. f6+ Kg6 77. f7 Rf2 78. Ke6 Re2+ 79. Kd7
Rf2 80. Ke8 Re2+ 81. Kf8 Rf2 82. Kg8 Rf1 1/2-1/2

[Event "South Wales New Year Major"]
[Site "Bridgend"]
[Date "2017.01.08"]
[Round "5.5"]
[White "Hurn, Robert AJ"]
[Black "Stuart, Neil"]
[Result "1/2-1/2"]
[WhiteElo "1713"]
[BlackElo "1718"]
[PlyCount "44"]
[EventDate "2017.01.07"]
[EventType "swiss"]
[SourceDate "2017.01.07"]

1. d4 d5 2. c4 c6 3. Nc3 Nf6 4. e3 g6 5. Nf3 Bg7 6. Be2 O-O 7. O-O a6 8. Bd2
Bg4 9. cxd5 cxd5 10. h3 Bxf3 11. Bxf3 Nc6 12. Rc1 e6 13. Be2 Rc8 14. Qa4 Qb6
15. Rb1 Ra8 16. b4 Rfc8 17. Rfc1 Qd8 18. Qb3 Bf8 19. a3 Nd7 20. Na4 b5 21. Nc5
Nb6 22. Be1 Nc4 1/2-1/2

[Event "South Wales New Year Major"]
[Site "Bridgend"]
[Date "2017.01.08"]
[Round "5.6"]
[White "Smith, George"]
[Black "Cox, John"]
[Result "1/2-1/2"]
[WhiteElo "1443"]
[BlackElo "1429"]
[PlyCount "68"]
[EventDate "2017.01.07"]
[EventType "swiss"]
[SourceDate "2017.01.07"]

1. d4 d5 2. Nc3 Nf6 3. Bg5 e6 4. e4 dxe4 5. Nxe4 Be7 6. Nxf6+ Bxf6 7. Bxf6 Qxf6
8. Qd2 O-O 9. O-O-O Nd7 10. Nf3 c6 11. Bd3 h6 12. Qe3 Nb6 13. g4 Nd5 14. Qe4
Qf4+ 15. Kb1 Qxe4 16. Bxe4 Nf6 17. Bd3 Nxg4 18. Rd2 Bd7 19. Rg1 f5 20. h3 Nf6
21. Nh4 Be8 22. Bc4 Nd5 23. Nf3 b5 24. Bb3 a5 25. a3 a4 26. Ba2 Bd7 27. Ne5 Ra7
28. Rd3 f4 29. f3 Kh7 30. c3 Rf6 31. Bxd5 cxd5 32. Rd2 Be8 33. Rdg2 g6 34. Ka2
Rc7 1/2-1/2

[Event "South Wales New Year Major"]
[Site "Bridgend"]
[Date "2017.01.08"]
[Round "5.7"]
[White "Livermore, Richard"]
[Black "Turner, Paul"]
[Result "1-0"]
[WhiteElo "1725"]
[BlackElo "1201"]
[PlyCount "69"]
[EventDate "2017.01.07"]
[EventType "swiss"]
[SourceDate "2017.01.07"]

1. d4 Nf6 2. c4 e6 3. Bd2 d5 4. e3 Nc6 5. Nf3 Bd7 6. Nc3 Bd6 7. a3 O-O 8. c5
Be7 9. Bd3 b6 10. b4 Re8 11. O-O Bf8 12. b5 Ne7 13. c6 Bc8 14. Qc2 Nf5 15. Ne5
Bd6 16. f4 Ng4 17. Nxg4 Qh4 18. Ne5 f6 19. Nf3 Qh6 20. Nd1 g5 21. fxg5 fxg5 22.
e4 Nxd4 23. Nxd4 Qxh2+ 24. Kf2 Rf8+ 25. Ke1 Rxf1+ 26. Kxf1 Ba6 27. Nf2 Rf8 28.
Nf3 Qg3 29. Be3 dxe4 30. bxa6 exd3 31. Qc4 d2 32. Qxe6+ Rf7 33. Nxg5 Bc5 34.
Qxf7+ Kh8 35. Qxh7# 1-0

[Event "South Wales New Year Major"]
[Site "Bridgend"]
[Date "2017.01.08"]
[Round "5.8"]
[White "Davies, Gareth"]
[Black "O'Rourke, Kevin"]
[Result "1-0"]
[WhiteElo "1340"]
[BlackElo "1107"]
[PlyCount "88"]
[EventDate "2017.01.07"]
[SourceDate "2017.01.07"]

1. d4 d5 2. Bf4 Nf6 3. e3 h6 4. Nd2 e6 5. Bd3 Bd6 6. Bg3 Bxg3 7. hxg3 Nc6 8. c3
e5 9. dxe5 Nxe5 10. Be2 Bf5 11. Ndf3 Ng6 12. Nd4 Bd7 13. Ngf3 Qe7 14. Nb5 Bc6
15. Nbd4 Bd7 16. Nb5 Bxb5 17. Bxb5+ c6 18. Ba4 O-O 19. O-O b5 20. Bc2 Rad8 21.
Re1 Ne4 22. Qe2 Rb8 23. a3 a6 24. Rad1 Rbd8 25. Bb3 Rd6 26. Qc2 Rfd8 27. Ba2 c5
28. Bb1 c4 29. Rd4 Nc5 30. Qe2 Ne5 31. Nxe5 Qxe5 32. Bc2 a5 33. Ra1 a4 34. Re1
Ne6 35. Rdd1 Ng5 36. f4 Nh3+ 37. gxh3 Qf6 38. e4 Qg6 39. Qf3 Re8 40. f5 dxe4
41. fxg6 Rxg6 42. Bxe4 Rf6 43. Qg2 g6 44. Bc6 Rfe6 1-0

[Event "South Wales New Year Major"]
[Site "Bridgend"]
[Date "2017.01.08"]
[Round "5.9"]
[White "Jaberansari, Benjamin"]
[Black "Rees, Morgan"]
[Result "0-1"]
[WhiteElo "855"]
[BlackElo "1234"]
[PlyCount "58"]
[EventDate "2017.01.07"]
[EventType "swiss"]
[SourceDate "2017.01.07"]

1. e4 e5 2. Nf3 Nf6 3. Nc3 Nc6 4. d4 exd4 5. Nxd4 Bb4 6. Bd3 Nxd4 7. Be3 Bxc3+
8. bxc3 Nc6 9. Bd4 Nxd4 10. cxd4 O-O 11. O-O d6 12. h3 b6 13. e5 dxe5 14. dxe5
Nd7 15. Qh5 g6 16. Qe2 Nc5 17. Be4 Ba6 18. Qe3 Nxe4 19. Qxe4 Bxf1 20. Rxf1 Re8
21. Qe2 Qd5 22. Re1 Qxa2 23. Rc1 Qd5 24. Re1 Re6 25. h4 Rae8 26. f4 Qd4+ 27.
Kh1 Qxf4 28. h5 Qh4+ 29. Kg1 Rxe5 0-1